| 000 | 00591nam a2200217Ia 4500 | ||
|---|---|---|---|
| 008 | 180523s9999 xx 000 0 und d | ||
| 020 | _a978-981-4384-88-9 | ||
| 050 | _aMAIN QC 21.3 | ||
| 050 | _b.S47U55 2012 | ||
| 100 | _aSerway, Raymond A. | ||
| 245 | 0 | _aUniversity physics 2 : | |
| 245 | 0 | _bcalculus-based / | |
| 245 | 0 | _cRaymond A. Serway, John W. Jewett. | |
| 260 | _aPasig City : | ||
| 260 | _bCengage Learning, | ||
| 260 | _c2012 | ||
| 300 | _a1 volume (various paging) : | ||
| 300 | _billustrations ; | ||
| 300 | _c26 cm. | ||
| 650 | _aPhysics -- Study and teaching. | ||
| 999 |
_c357517 _d357517 |
||